[Event "Match"]
[Site "www.echecsemail.com"]
[Date "2018.01.01"]
[Round "1"]
[White "Rosario"]
[Black "Vinvangogh"]
[WhiteElo "1499"]
[BlackElo "1150"]
[Result "0-1"]
[Round "1"]
1.e4 e5
2.Ng1f3 Bf8d6
3.g3 Ng8f6
4.d3 O-O
5.h3 c5
6.Bf1g2 Nb8c6
7.O-O b5
8.Nb1c3 a6
9.Bc1g5 Nc6d4
 { time }
0-1

[Event "1/64 Finale"]
[Site "www.chess-mail.com"]
[Date "2018.01.01"]
[Round "1"]
[White "Sbb"]
[Black "Amaya"]
[WhiteElo "2570"]
[BlackElo "2140"]
[Result "1-0"]
[Round "1"]
1.d4 Ng8f6
2.c4 g6
3.Nb1c3 Bf8g7
4.e4 d6
5.f3 O-O
6.Bc1e3 Nb8d7
7.Ng1e2 e5
8.d5 Nd7b6
9.Ne2g3 Bc8d7
10.Bf1d3 a6
11.O-O Rf8e8
12.b4 h6
13.c5 Nb6c8
14.Ra1c1 Nf6h7
15.Qd1d2 g5
16.a4 Nh7f6
17.a5 Nc8a7
18.cxd6 cxd6
19.Nc3d1 Bd7b5
20.Be3b6 Qd8d7
21.Rc1c7 Qd7d8
22.Rc7xb7 Qd8c8
23.Rb7xa7 Ra8xa7
24.Bd3xb5 axb5
25.Bb6xa7 Qc8b7
26.Ba7e3 Re8c8
27.Ng3f5 Rc8c4
28.Nf5xd6 { resign }
1-0

[Event "Tourn. n9648"]
[Site "www.chess-mail.com"]
[Date "2018.01.02"]
[Round "1"]
[White "Numanoid"]
[Black "Coolant"]
[WhiteElo "2420"]
[BlackElo "2350"]
[Result "1/2-1/2"]
[Round "1"]
1.b4 Ng8f6
2.Bc1b2 d6
3.c4 Nb8d7
4.e3 c5
5.b5 b6
6.Ng1f3 Bc8b7
7.Bf1e2 g6
8.Nb1c3 Bf8g7
9.O-O O-O
10.d4 e5
11.d5 h6
12.a4 Nf6h7
13.a5 f5
14.a6 Bb7c8
15.e4 f4
16.Nc3b1 g5
17.h3 h5
18.Nf3h2 h4
19.Be2g4 Nd7f6
20.Bg4xc8 Qd8xc8
21.Nb1d2 Kf7
{ draw }
1/2-1/2

[Event "Tourn. n9641"]
[Site "www.chess-mail.com"]
[Date "2018.01.02"]
[Round "1"]
[White "Tevere"]
[Black "Tobernor"]
[WhiteElo "2010"]
[BlackElo "2049"]
[Result "0-1"]
[Round "1"]
1.d4 Ng8f6
2.c4 e6
3.Nb1c3 d5
4.Bc1g5 Bf8e7
5.e3 h6
6.Bg5h4 O-O
7.Ng1f3 Nf6e4
8.Bh4xe7 Qd8xe7
9.cxd5 Ne4xc3
10.bxc3 exd5
11.Bf1d3 c5
12.O-O Nb8c6
13.Qd1b1 Bc8g4
14.Nf3d2 b6
15.dxc5 bxc5
16.c4 Ra8b8
17.Nd2b3 d4
18.Bd3e4 Nc6e5
19.exd4 cxd4
20.Be4d5 Bg4e2
21.Rf1e1 d3
22.f3 Rf8c8
23.Qb1c1 Qe7h4
24.Qc1e3 Ne5xc4
25.Qe3xa7 Qh4f4
26.Nb3d4 Qf4e3
27.Kh1 Nc4d6
28.Re1g1 Rb8b4
29.Qa7d7 Rb4xd4
30.Qd7xd6 d2
31.Qd6d7 Rc8f8
{ resign }
0-1

[Event "Tourn. n9525"]
[Site "www.chess-mail.com"]
[Date "2018.01.02"]
[Round "1"]
[White "Roque1"]
[Black "Falcoale"]
[WhiteElo "1930"]
[BlackElo "1950"]
[Result "0-1"]
[Round "1"]
1.e4 c5
2.Ng1f3 e6
3.Bf1b5 a6
4.Bb5c4 b5
5.Bc4e2 Bc8b7
6.d3 Nb8c6
7.Bc1e3 Ng8f6
8.O-O Bf8e7
9.Nb1d2 O-O
10.c4 b4
11.a3 bxa3
12.Ra1xa3 d5
13.Qd1c2 Nc6d4
14.Nf3xd4 cxd4
15.Be3xd4 Be7xa3
16.bxa3 Ra8c8
17.Rf1b1 Bb7a8
18.Bd4b6 Qd8d7
19.c5 Ba8c6
20.e5 Nf6e8
21.d4 f6
22.Nd2f3 f5
23.Rb1b4 Ne8c7
24.a4 Rc8b8
25.a5 Nc7b5
26.Nf3g5 h6
27.Ng5h3 Qd7e7
28.Nh3f4 Rf8e8
29.Be2h5 Re8c8
30.Nf4g6 Qe7d7
31.g4 Rb8xb6
32.cxb6 Bc6b7
33.Qc2d2 Nb5a3
34.gxf5 exf5
35.Rb4b3 Na3c4
36.Qd2e2 Bb7c6
37.e6 Qd7b7
38.e7 Nc4d6
39.Qe2e6 Kh7
 { time }
0-1

[Event "Tourn. n9556"]
[Site "www.chess-mail.com"]
[Date "2018.01.02"]
[Round "1"]
[White "Churrasca"]
[Black "Claymil"]
[WhiteElo "1990"]
[BlackElo "2080"]
[Result "0-1"]
[Round "1"]
1.e4 c5
2.Ng1f3 Nb8c6
3.d4 cxd4
4.Nf3xd4 g6
5.Nb1c3 Bf8g7
6.Bc1e3 a6
7.Bf1c4 e6
8.O-O Ng8e7
9.Nd4xc6 bxc6
10.Qd1d2 O-O
11.Ra1d1 d5
12.exd5 cxd5
13.Bc4b3 Bc8b7
14.Be3d4 f6
15.Rf1e1 e5
16.Bd4c5 Rf8e8
17.Bc5xe7 Re8xe7
18.Nc3xd5 Kh8
19.Nd5xe7 Qd8xe7
20.Qd2d7 Qe7xd7
21.Rd1xd7 Bb7c6
22.Rd7c7 Bc6b5
23.Re1d1 f5
24.Rd1d7 Bb5xd7
25.Rc7xd7 h5
26.Bb3f7 Kh7
27.Rd7d6 g5
28.Bf7xh5 f4
29.Bh5f3 Ra8b8
30.b3 a5
31.Bf3e4 Kh8
32.Rd6g6 Rb8d8
33.h3 Rd8d1
34.Kh2 Rd1e1
 { time }
0-1

[Event "Tourn. n9606"]
[Site "www.chess-mail.com"]
[Date "2018.01.02"]
[Round "1"]
[White "Claymil"]
[Black "Falcoale"]
[WhiteElo "2080"]
[BlackElo "2020"]
[Result "1-0"]
[Round "1"]
1.c4 Ng8f6
2.Nb1c3 e6
3.g3 c6
4.Bf1g2 Bf8b4
5.e3 O-O
6.Ng1e2 d5
7.cxd5 exd5
8.O-O Bc8g4
9.h3 Bg4e6
10.a3 Bb4a5
11.b4 Ba5c7
12.Bc1b2 Nb8d7
13.Ne2f4 Nd7b6
14.Nf4xe6 fxe6
15.Ra1c1 Nb6c4
16.Rc1b1 Nc4xb2
17.Rb1xb2 Qd8e7
18.d3 Ra8d8
19.Rf1e1 Nf6d7
20.d4 b6
21.f4 Qe7f6
22.Rb2e2 Qf6g6
23.Kh2 c5
24.dxc5 bxc5
25.bxc5 Nd7xc5
26.Qd1c2 Qg6xc2
27.Re2xc2 Bc7b6
28.Bg2f3 Rd8b8
29.Bf3g4 Rf8e8
30.Kg2 Rb8c8
31.Kf3 e5
32.Bg4xc8 Re8xc8
33.Nc3xd5 e4
34.Ke2 Kf7
35.Nd5xb6 axb6
36.Re1b1 Rc8c6
37.a4 Ke6
38.Rb1b5 Kd6
39.a5 bxa5
40.Rb5xa5 Nc5b3
41.Rc2xc6 Kxc6
42.Ra5a7 Nb3c1
43.Kd1 Nc1d3
44.h4 Nd3f2
45.Ke2 Nf2g4
46.Ra7xg7 h5
47.Rg7g5 { resign }
1-0

[Event "Tourn. n9656"]
[Site "www.chess-mail.com"]
[Date "2018.01.02"]
[Round "1"]
[White "Pariolinius"]
[Black "Cal"]
[WhiteElo "1670"]
[BlackElo "1680"]
[Result "0-1"]
[Round "1"]
1.d4 d5
2.Ng1f3 h6
3.Bc1f4 e6
4.Nb1d2 Nb8c6
5.e3 Bf8d6
6.Bf4xd6 cxd6
7.Bf1b5 Bc8d7
8.O-O Nc6e7
9.Bb5d3 Ng8f6
10.h3 O-O
11.b3 Nf6h5
12.e4 dxe4
13.Bd3xe4 d5
14.Be4d3 b5
15.Nf3e5 Nh5f4
16.Qd1g4 Nf4xd3
17.Ne5xd3 e5
18.Nd3xe5 Bd7xg4
{ resign }
0-1

[Event "Tourn. n9627"]
[Site "www.chess-mail.com"]
[Date "2018.01.02"]
[Round "1"]
[White "Begory"]
[Black "Sahlapalat"]
[WhiteElo "1500"]
[BlackElo "1819"]
[Result "0-1"]
[Round "1"]
1.d4 Ng8f6
2.Bc1f4 d5
3.Nb1c3 c6
4.e3 Bc8f5
5.Bf1d3 Bf5xd3
6.Qd1xd3 e6
7.O-O-O Nb8d7
8.e4 dxe4
9.Nc3xe4 Nf6xe4
10.Qd3xe4 Nd7f6
11.Qe4e1 Bf8e7
12.Ng1f3 O-O
13.c3 Qd8a5
14.Kb1 Rf8d8
15.Bf4d2 Qa5b6
16.Bd2e3 Nf6d5
17.c4 Nd5xe3
18.Qe1xe3 Be7f6
19.c5 Qb6c7
20.Nf3e5 Rd8d5
21.h4 Ra8d8
22.f4 Bf6xe5
23.fxe5 Qc7d7
24.Rh1f1 Rd5xd4
25.Rd1xd4 Qd7xd4
26.Qe3xd4 Rd8xd4
27.Kc2 Rd4c4
28.Kb1 Rc4xc5
29.Rf1d1 Rc5d5
30.Rd1e1 Kf8
31.Kc2 Ke7
32.Kc3 c5
33.g4 b5
34.b3 f6
35.exf6 gxf6
36.a3 Rd5d4
37.b4 Rd4xg4
38.bxc5 Rg4xh4
39.Re1g1 Rh4c4
40.Kb3 Rc4xc5
41.Rg1g7 Kd6
42.Rg7xh7 a6
43.Rh7h6 f5
44.Rh6h1 f4
{ resign }
0-1

[Event "Tourn. n9536"]
[Site "www.chess-mail.com"]
[Date "2018.01.02"]
[Round "1"]
[White "Azulmarino"]
[Black "Hansen"]
[WhiteElo "1570"]
[BlackElo "1550"]
[Result "0-1"]
[Round "1"]
1.e4 d5
2.d4 dxe4
3.Nb1c3 f5
4.Bc1e3 h6
5.Bf1b5 c6
6.Bb5c4 e6
7.Qd1h5 Kd7
8.Qh5f7 Ng8e7
9.Qf7xe6 Kc7
10.Be3f4 Kb6
11.Nc3a4 Ka5
12.Qe6f6 gxf6
13.Na4c3 Qd8xd4
14.Bc4f7 Qd4b4
15.a3 Qb4xb2
16.Bf4c7 b6
17.Ng1e2 Qb2xa1
18.Nc3d1 Nb8a6
19.Bc7d6 Qa1b2
20.Nd1xb2 Rh8h7
21.Bf7c4 b5
22.Bc4b3 Rh7g7
23.g3 Bc8b7
24.f3 exf3
25.Ne2d4 Ra8d8
26.Bd6c5 Na6xc5
27.Nd4xf3 Nc5e4
28.O-O h5
29.Kg2 h4
30.Nf3xh4 f4
31.Rf1xf4 Rd8d2
32.Kh3 Ne4g5
33.Kg4 Bb7c8
34.Nh4f5 Bc8xf5
35.Rf4xf5 Rd2d4
36.Rf5f4 f5
37.Kh5 Rd4d6
38.c4 Ng5h3
39.Rf4f1 Nh3g5
40.g4 Rg7g8
41.gxf5 Rd6h6
42.Kg4 Ng5h3
43.Kf3 Nh3g5
44.Kf4 Rh6h4
45.Ke5 Rh4e4
46.Kd6 Ne7xf5
47.Kxc6 Re4e6
48.Kd5 Nf5e3
49.Kd4 Ne3xf1
50.cxb5 Re6e4
51.Kd5 Kxb5
52.Nb2d1 Bf8xa3
53.Nd1c3 Kb4
 { time }
0-1

[Event "Tourn. n9603"]
[Site "www.chess-mail.com"]
[Date "2018.01.02"]
[Round "1"]
[White "Cal"]
[Black "Tarasch"]
[WhiteElo "1660"]
[BlackElo "1499"]
[Result "0-1"]
[Round "1"]
1.c4 Ng8f6
2.Nb1c3 d5
3.cxd5 Nf6xd5
4.e4 Nd5b6
5.d3 e5
6.Ng1f3 Nb8c6
7.a3 Bf8e7
8.Bc1e3 Bc8e6
9.Bf1e2 O-O
10.h3 f6
11.b4 Nc6d4
12.Be3xd4 exd4
13.Nc3a4 Nb6xa4
14.Qd1xa4 c5
15.b5 a6
16.O-O axb5
17.Qa4xb5 Qd8c7
18.a4 Ra8a5
19.Qb5b2 Rf8a8
20.Nf3h2 Ra5xa4
21.Ra1xa4 Ra8xa4
22.Qb2b5 Ra4a2
23.Qb5e8 Be7f8
24.f4 Be6f7
25.Rf1f2 Bf7xe8
26.g4 Ra2xe2
27.Rf2xe2 Qc7xf4
28.Re2f2 Qf4e3
29.Nh2f1 Qe3xh3
30.g5 fxg5
31.Rf2g2 Qh3xd3
32.Rg2xg5 Qd3xe4
33.Rg5g3 Be8c6
34.Kf2 Bf8d6
35.Rg3xg7 Kxg7
{ resign }
0-1

[Event "Tourn. n9613"]
[Site "www.chess-mail.com"]
[Date "2018.01.02"]
[Round "1"]
[White "Osopanda"]
[Black "Dussek"]
[WhiteElo "1750"]
[BlackElo "1890"]
[Result "1-0"]
[Round "1"]
1.e4 e6
2.d4 d5
3.Nb1d2 Ng8f6
4.e5 Nf6d7
5.f4 c5
6.c3 Nb8c6
7.Ng1f3 h6
8.Bf1d3 Qd8b6
9.O-O Bf8e7
10.f5 Nd7f8
11.fxe6 Nf8xe6
12.Qd1a4 Bc8d7
13.dxc5 Be7xc5
14.Kh1 Nc6d4
15.Qa4xd7 Kxd7
16.cxd4 Bc5e7
17.Nd2b3 Ra8c8
18.Bc1e3 Ne6g5
19.Nf3xg5 hxg5
20.Rf1xf7 Qb6h6
21.h3 Ke6
22.Rf7f5 Rh8f8
23.Ra1f1 Rf8f7
24.Rf5xf7 Rc8f8
25.Rf7xf8 Be7xf8
26.Rf1xf8 g6
27.Rf8f6 Ke7
28.Rf6xg6 Qh6h4
29.Be3xg5 { resign }
1-0

[Event "Tourn. n9603"]
[Site "www.chess-mail.com"]
[Date "2018.01.02"]
[Round "1"]
[White "Begory"]
[Black "Cal"]
[WhiteElo "1550"]
[BlackElo "1660"]
[Result "1-0"]
[Round "1"]
1.d4 d5
2.Bc1f4 h6
3.Nb1c3 Ng8f6
4.Nc3b5 c6
5.Nb5c7 Kd7
6.Nc7xa8 e6
7.e3 Bf8b4
8.c3 Bb4a5
9.Ng1f3 Nb8a6
10.b4 Ba5b6
11.Na8xb6 axb6
12.Bf1xa6 bxa6
13.Nf3e5 Ke8
14.Ne5xc6 Qd8d7
15.Nc6e5 Qd7b5
16.Qd1d3 Nf6e4
17.Qd3xb5 axb5
18.O-O g5
19.f3 gxf4
20.fxe4 dxe4
21.Rf1xf4 f5
22.a4 Rh8g8
23.axb5 Bc8b7
24.Ra1a7 Bb7d5
25.Ra7a6 Ke7
26.Ra6xb6 Rg8c8
27.Ne5c6 Kd7
28.Nc6e5 Ke7
29.Ne5c6 Kf6
30.Kf2 h5
31.Nc6e5 Rc8xc3
32.Ne5d7 Ke7
33.Nd7e5 Rc3b3
34.Ne5c6 Kf6
35.Nc6d8 Rb3xb4
36.Nd8c6 Rb4b2
37.Kg1 Bd5xc6
38.Rb6xc6 Rb2xb5
39.Rc6c5 Rb5b1
40.Rf4f1 Rb1b2
41.h3 Kg5
42.Rf1f2 Rb2b3
43.Rf2e2 h4
44.Rc5c8 f4
45.Rc8c5 Kf6
46.exf4 Rb3b1
47.Kh2 Rb1d1
48.Re2xe4 Rd1d3
49.Rc5c6 Rd3d2
50.f5 Kxf5
51.Rc6xe6 Rd2d3
52.Re6e5 Kf6
53.Re5h5 Rd3g3
54.Rh5xh4 Rg3g5
55.Rh4f4 Kg6
56.Rf4g4 Kf5
57.Re4e5 { resign }
1-0

[Event "Tourn. n9602"]
[Site "www.chess-mail.com"]
[Date "2018.01.02"]
[Round "1"]
[White "Falcoale"]
[Black "Prize64"]
[WhiteElo "2000"]
[BlackElo "2020"]
[Result "0-1"]
[Round "1"]
1.e4 d5
2.exd5 Qd8xd5
3.Nb1c3 Qd5d6
4.d4 c6
5.Ng1f3 Ng8f6
6.h3 g6
7.Bc1e3 Bf8g7
8.Qd1d2 O-O
9.O-O-O Rf8d8
10.g4 Nf6d5
11.Nc3xd5 cxd5
12.Bf1e2 Nb8c6
13.Be3f4 Qd6b4
14.c3 Qb4a4
15.Kb1 e5
16.dxe5 Qa4e4
17.Ka1 Nc6xe5
18.Nf3xe5 Bg7xe5
19.Bf4xe5 Qe4xe5
20.Rh1e1 Qe5f6
21.g5 Qf6b6
22.h4 Bc8f5
23.h5 Qb6xf2
24.h6 Bf5e6
25.Re1f1 Qf2c5
26.Qd2f4 Qc5f8
27.Rf1f2 a5
28.Be2g4 a4
29.Qf4d4 a3
30.Bg4xe6 axb2
31.Kxb2 Qf8a3
32.Kc2 Qa3xa2
33.Kd3 Qa2c4
34.Qd4xc4 dxc4
35.Kc2 Ra8a2
36.Kb1 Ra2a1
37.Kxa1 Rd8xd1
38.Kb2 fxe6
39.Rf2e2 Kf7
40.Re2f2 Ke7
41.Rf2f4 b5
42.Ka3 Rd1d5
43.Rf4g4 Kd6
44.Kb4 Ke5
45.Rg4g1 Kf4
46.Rg1g2 e5
47.Rg2f2 Kxg5
48.Rf2h2 e4
{ resign }
0-1

[Event "Tourn. n9553"]
[Site "www.chess-mail.com"]
[Date "2018.01.02"]
[Round "1"]
[White "Mystakerchon"]
[Black "Julian"]
[WhiteElo "1389"]
[BlackElo "1630"]
[Result "0-1"]
[Round "1"]
1.d4 d5
2.Nb1c3 e6
3.g3 Ng8f6
4.Bf1g2 Bf8e7
5.e3 O-O
6.e4 dxe4
7.Nc3xe4 Nb8c6
8.Ng1e2 Nf6xe4
9.Bg2xe4 Bc8d7
10.Bc1e3 f5
11.Be4d3 Bd7e8
12.f4 Be7f6
13.c3 Be8h5
14.Qd1d2 Nc6e7
15.O-O-O Ne7d5
16.Be3f2 Bh5f3
17.Rh1g1 a6
 { time }
0-1

[Event "Match"]
[Site "www.echecsemail.com"]
[Date "2018.01.02"]
[Round "1"]
[White "Luke1302"]
[Black "Sonny1000"]
[WhiteElo "1280"]
[BlackElo "1580"]
[Result "0-1"]
[Round "1"]
1.e4 e5
2.b3 Nb8c6
3.c3 Qd8h4
4.g3 Qh4xe4
5.Qd1e2 Qe4c2
6.Nb1a3 Qc2f5
7.Bf1h3 Qf5g6
8.Ng1f3 Bf8xa3
9.d3 Ba3xc1
10.Ra1xc1 d6
11.Nf3h4 Qg6g5
12.Qe2b2 Bc8xh3
13.f4 exf4
14.Qb2d2 Qg5e5
15.Kd1 f3
16.Nh4xf3 Qe5h5
17.Qd2e2 Nc6e5
18.g4 Bh3xg4
19.Rh1f1 Kd7
20.Qe2g2 Ra8e8
21.Ke1 Ne5xd3
22.Kd1 Nd3xc1
23.h3 Qh5d5
24.Kc2 Qd5e4
25.Kb2 Bg4xh3
26.Qg2xh3 f5
27.Rf1xc1 Qe4e2
28.Ka3 Qe2a6
 { time }
0-1

[Event "1/128 Finale"]
[Site "www.chess-mail.com"]
[Date "2018.01.02"]
[Round "1"]
[White "Izastar"]
[Black "Vios"]
[WhiteElo "1249"]
[BlackElo "2400"]
[Result "0-1"]
[Round "1"]
1.f4 e5
2.fxe5 d6
3.exd6 Bf8xd6
4.Ng1f3 Nb8c6
5.e3 Bc8g4
6.Bf1e2 Qd8d7
7.b3 O-O-O
8.Bc1b2 f5
9.O-O Ng8f6
10.d3 Nf6d5
11.Qd1d2 Rh8e8
12.Rf1f2 Nd5xe3
13.Nf3d4 Nc6xd4
14.Be2xg4 Ne3xg4
{ resign }
0-1

[Event "Fast Game"]
[Site "www.echecsemail.com"]
[Date "2018.01.02"]
[Round "1"]
[White "Claudia"]
[Black "Cereus"]
[WhiteElo "1960"]
[BlackElo "1599"]
[Result "0-1"]
[Round "1"]
1.e4 c5
2.Ng1f3 d6
3.d4 cxd4
4.Nf3xd4 Ng8f6
5.Nb1c3 a6
6.f3 e5
7.Nd4b3 Bc8e6
8.Nc3d5 Be6xd5
9.exd5 Nb8d7
10.c4 Bf8e7
11.Bf1d3 Ra8c8
12.O-O O-O
13.Bc1e3 Nf6h5
14.f4 Nh5xf4
15.Be3xf4 exf4
16.Rf1xf4 g6
17.Rf4f1 Be7f6
18.Qd1d2 Nd7e5
19.Ra1b1 Ne5xc4
20.Bd3xc4 Rc8xc4
21.Qd2d3 Rc4c7
22.Rf1f2 Bf6g7
23.Rb1f1 Qd8h4
24.g3 Qh4a4
25.a3 Rc7e7
26.h4 Bg7h6
27.Rf2f3 Rf8e8
28.h5 Re7e3
{ resign }
0-1

[Event "Tourn. n9631"]
[Site "www.chess-mail.com"]
[Date "2018.01.03"]
[Round "1"]
[White "Azulmarino"]
[Black "Dussek"]
[WhiteElo "1670"]
[BlackElo "1910"]
[Result "0-1"]
[Round "1"]
1.e4 c6
2.Nb1c3 d6
3.Bf1c4 Ng8f6
4.Ng1f3 Nb8d7
5.d3 e5
6.Bc1g5 Bf8e7
7.Qd1d2 h6
8.Bg5e3 g5
9.h3 Nd7f8
10.g4 Nf8g6
11.O-O-O Nf6d7
12.Rd1e1 Nd7f6
13.h4 Nf6xg4
14.hxg5 Ng4xe3
15.Qd2xe3 h5
16.Nf3h4 Be7xg5
17.f4 Bg5xf4
18.Nh4xg6 Bf4xe3
19.Re1xe3 fxg6
20.Rh1f1 Bc8g4
21.Re3e1 Qd8g5
22.Kb1 Ke7
{ resign }
0-1

[Event "Tourn. n9618"]
[Site "www.chess-mail.com"]
[Date "2018.01.03"]
[Round "1"]
[White "Joaodelisboa"]
[Black "Vios"]
[WhiteElo "2130"]
[BlackElo "2210"]
[Result "0-1"]
[Round "1"]
1.e4 d6
2.d4 g6
3.Nb1c3 Bf8g7
4.Bc1e3 Ng8f6
5.Bf1e2 O-O
6.Ng1f3 a6
7.O-O b5
8.a3 Bc8b7
9.Be2d3 Nb8d7
10.Rf1e1 c5
11.d5 e6
12.dxe6 fxe6
13.Be3g5 Qd8c7
14.Qd1d2 c4
15.Bd3f1 Nd7c5
16.Nf3d4 Nf6xe4
17.Nc3xe4 Bb7xe4
18.Nd4xe6 Nc5xe6
19.Re1xe4 Ne6xg5
20.Qd2xg5 Qc7f7
21.Qg5e3 Bg7xb2
22.Ra1e1 Bb2xa3
23.Re4e7 Qf7f6
24.Re7e6 Qf6f5
{ resign }
0-1

[Event "Tourn. n9638"]
[Site "www.chess-mail.com"]
[Date "2018.01.03"]
[Round "1"]
[White "Roque1"]
[Black "Osopanda"]
[WhiteElo "1890"]
[BlackElo "1800"]
[Result "0-1"]
[Round "1"]
1.e4 e5
2.Ng1f3 Nb8c6
3.Bf1b5 d6
4.Bb5xc6 bxc6
5.O-O Ng8f6
6.Nb1c3 Bc8g4
7.d3 Bf8e7
8.Bc1e3 O-O
9.h3 Bg4h5
10.g4 Bh5g6
11.Qd1d2 h5
 { time }
0-1

[Event "Tourn. n9642"]
[Site "www.chess-mail.com"]
[Date "2018.01.03"]
[Round "1"]
[White "Nulladies"]
[Black "Falcoale"]
[WhiteElo "1880"]
[BlackElo "1790"]
[Result "0-1"]
[Round "1"]
1.d4 Ng8f6
2.Bc1f4 e6
3.e3 h6
4.h3 c6
5.Ng1f3 d6
6.Nb1d2 Nb8d7
7.c3 Bf8e7
8.Bf1d3 O-O
9.g4 Rf8e8
10.Qd1c2 Nf6d5
11.Bf4g3 e5
12.O-O-O b5
13.dxe5 dxe5
14.Nf3xe5 Nd7xe5
15.Bg3xe5 Be7h4
16.Rd1f1 Re8xe5
17.Nd2f3 Re5e8
18.e4 Nd5f4
19.Nf3xh4 Nf4xd3
20.Kb1 Nd3e5
21.f4 Ne5c4
22.Nh4g2 Nc4d2
23.Ka1 Nd2xe4
24.Rf1d1 Qd8b6
25.Rh1e1 Ne4f6
26.g5 hxg5
27.fxg5 Re8xe1
28.gxf6 Re1xd1
29.Qc2xd1 Bc8xh3
30.Ng2f4 Ra8d8
31.Qd1e1 Bh3f5
32.a3 Qb6c7
33.Qe1g1 Bf5g6
34.Nf4xg6 fxg6
35.Qg1xg6 Rd8d1
36.Ka2 Qc7f7
37.Qg6xf7 Kxf7
38.fxg7 Kxg7
39.Kb3 Kf6
40.Kc2 Rd1a1
41.Kb3 Ke5
42.c4 bxc4
43.Kc3 Kd5
44.Kb4 Kd4
45.a4 c5
46.Kb5 Ra1b1
{ resign }
0-1

[Event "Tourn. n9572"]
[Site "www.chess-mail.com"]
[Date "2018.01.03"]
[Round "1"]
[White "Apdash"]
[Black "Piriot"]
[WhiteElo "2250"]
[BlackElo "2480"]
[Result "0-1"]
[Round "1"]
1.d4 d6
2.Ng1f3 Bc8g4
3.e4 Ng8f6
4.Nb1c3 e6
5.h3 Bg4h5
6.Bc1g5 Bf8e7
7.Bf1e2 Bh5g6
8.Be2d3 Nb8c6
9.a3 O-O
10.O-O Bg6h5
11.Bg5e3 Qd8d7
12.g4 Bh5g6
13.Nf3h2 h6
14.Qd1d2 d5
15.e5 Nf6e4
16.Nc3xe4 dxe4
17.Bd3b5 f5
18.f3 f4
19.Be3xf4 Qd7xd4
20.Qd2xd4 Nc6xd4
21.Bb5a4 Rf8xf4
22.c3 Nd4xf3
23.Nh2xf3 exf3
24.Ba4b3 Bg6f7
25.Bb3d1 Be7c5
26.Kh2 f2
27.Bd1c2 Ra8d8
28.Kg3 g5
29.b4 Bc5e3
30.h4 Rd8d2
31.Bc2d1 Bf7g6
32.hxg5 hxg5
33.Bd1f3 Bg6d3
34.Bf3xb7 Bd3xf1
35.Ra1xf1 Rd2c2
36.Bb7c8 Rc2c1
37.Bc8xe6 Kf8
38.Kg2 Rc1xf1
39.Kxf1 Ke7
40.Be6f5 Rf4c4
41.a4 Rc4xc3
42.b5 Rc3c1
43.Ke2 f1Q
44.Kxe3 Qf1f4
{ resign }
0-1

[Event "Tourn. n9554"]
[Site "www.chess-mail.com"]
[Date "2018.01.03"]
[Round "1"]
[White "Azulmarino"]
[Black "Redapond1"]
[WhiteElo "1630"]
[BlackElo "1640"]
[Result "0-1"]
[Round "1"]
1.e4 e5
2.Ng1f3 d6
3.Bf1c4 Ng8f6
4.d3 Nb8c6
5.Bc1g5 h6
6.Bg5e3 Bc8g4
7.h3 Bg4xf3
8.Qd1xf3 Bf8e7
9.Nb1c3 O-O
10.g4 Nc6d4
11.Be3xd4 exd4
12.Nc3e2 c5
13.Ne2g3 Qd8a5
14.Kf1 Qa5d2
15.Ra1d1 Qd2xc2
16.b3 a6
17.Kg2 b5
18.Bc4d5 Nf6xd5
19.exd5 Qc2xa2
20.Ng3h5 Qa2xb3
21.g5 Be7xg5
22.Qf3g4 f5
23.Qg4g3 Qb3xd5
24.Kh2 Qd5e5
25.Qg3xe5 dxe5
26.Rh1g1 g6
27.Nh5g3 Bg5f4
28.Kh1 Kf7
29.Ng3e2 Bf4g5
30.Rd1e1 Ke6
31.Rg1g2 a5
32.Re1c1 Bg5xc1
33.Ne2xc1 g5
{ resign }
0-1

[Event "Tourn. n9634"]
[Site "www.chess-mail.com"]
[Date "2018.01.03"]
[Round "1"]
[White "Madz123456"]
[Black "Sahlapalat"]
[WhiteElo "1670"]
[BlackElo "1869"]
[Result "1-0"]
[Round "1"]
1.e4 c5
2.Ng1f3 d6
3.d4 cxd4
4.Nf3xd4 Ng8f6
5.Nb1c3 Nb8c6
6.Bf1c4 e6
7.Bc4b3 Bf8e7
8.Bc1e3 O-O
9.O-O a6
10.f4 Nc6xd4
11.Be3xd4 b5
12.e5 dxe5
13.fxe5 Nf6d7
14.Nc3e4 Nd7b6
15.c3 Bc8b7
16.Ne4f6 gxf6
17.exf6 Be7xf6
18.Rf1xf6 e5
19.Qd1g4 Kh8
20.Bd4xe5 { resign }
1-0

[Event "Tourn. n9607"]
[Site "www.chess-mail.com"]
[Date "2018.01.03"]
[Round "1"]
[White "Passaroa25"]
[Black "Julian"]
[WhiteElo "1730"]
[BlackElo "1630"]
[Result "0-1"]
[Round "1"]
1.e4 e5
2.Ng1f3 Nb8c6
3.c3 Ng8f6
4.d3 d5
5.Bf1e2 dxe4
6.dxe4 Qd8xd1
7.Be2xd1 Bc8g4
8.Nb1d2 Bf8c5
9.b4 Bc5e7
10.Bc1b2 O-O-O
11.O-O Rh8e8
12.Nf3g5 Bg4xd1
13.Ng5xf7 Rd8xd2
14.Ra1b1 Bd1c2
15.Rb1c1 Bc2xe4
16.f3 Be4d5
17.Nf7xe5 Nc6xe5
18.c4 Ne5xc4
19.Bb2xf6 Be7xf6
20.a4 Bf6d4
21.Kh1 Re8e2
22.Rc1e1 Nc4e3
23.Re1xe2 Rd2xe2
24.Rf1g1 Bd4e5
25.h3 Bd5xf3
26.Rg1d1 Bf3xg2
27.Kg1 Bg2xh3
{ resign }
0-1

[Event "Tourn. n9528"]
[Site "www.chess-mail.com"]
[Date "2018.01.03"]
[Round "1"]
[White "Vaido12"]
[Black "Gvladutz"]
[WhiteElo "2500"]
[BlackElo "2480"]
[Result "1-0"]
[Round "1"]
1.e4 c5
2.Ng1f3 Nb8c6
3.b3 Ng8f6
4.Nb1c3 g6
5.Bc1a3 d6
6.Bf1b5 Bf8g7
7.e5 Nf6g4
8.exd6 exd6
9.Bb5xc6 bxc6
10.O-O O-O
11.Ba3b2 Rf8e8
12.Rf1e1 Bc8f5
13.d3 Qd8a5
14.Nc3a4 f6
15.Nf3d2 d5
16.Nd2f3 Ng4e5
17.Nf3xe5 fxe5
18.Bb2c3 Qa5b5
19.f3 Ra8d8
20.Qd1d2 d4
21.Bc3a5 Rd8d7
22.Re1e2 Bf5e6
23.Na4b2 Rd7f7
24.Qd2e1 Qb5b7
25.a3 Qb7e7
26.Nb2c4 Be6d5
27.a4 Rf7f5
28.c3 Bg7h6
29.cxd4 cxd4
30.Ba5b4 c5
31.Bb4a3 Rf5h5
32.Nc4d2 Bh6f4
33.h3 Re8b8
34.Ra1b1 Rb8f8
35.Nd2e4 Bd5xe4
36.Re2xe4 Qe7g5
37.Kh1 Qg5h6
38.Qe1f1 Rf8c8
39.Ba3c1 g5
40.Re4e2 a6
41.Re2c2 Qh6e6
42.Bc1xf4 gxf4
43.b4 cxb4
44.Rc2xc8 Qe6xc8
45.Rb1xb4 Qc8c6
46.Qf1e1 Rh5g5
47.Rb4b8 Kg7
48.Qe1b4 Qc6c1
49.Kh2 Rg5xg2
50.Kxg2 Qc1c2
51.Kf1 Qc2xd3
52.Ke1 Qd3e3
53.Kd1 Qe3xf3
54.Kc1 Qf3e3
55.Qb4d2 Qe3xh3
56.Rb8b6 Qh3e3
57.Qd2xe3 dxe3
58.Rb6xa6 h5
59.Kd1 h4
60.Ke2 h3
61.Ra6d6 h2
62.Rd6d1 Kf6
63.a5 Kf5
64.Kf3 e2
65.Kxe2 Ke4
66.a6 f3
67.Kf2 Kf4
68.a7 e4
69.Rd1h1 e3
70.Kf1 e2
71.Kf2 { resign }
1-0

[Event "Tourn. n9638"]
[Site "www.chess-mail.com"]
[Date "2018.01.03"]
[Round "1"]
[White "Canario"]
[Black "Roque1"]
[WhiteElo "1840"]
[BlackElo "1890"]
[Result "1-0"]
[Round "1"]
1.e4 c5
2.Ng1f3 e6
3.d4 cxd4
4.Nf3xd4 Ng8f6
5.e5 Qd8a5
6.Nb1c3 Qa5xe5
7.Bc1e3 Bf8c5
8.Bf1e2 Nb8c6
9.Nd4xc6 bxc6
10.Be3xc5  { time }
1-0

[Event "Tourn. n9528"]
[Site "www.chess-mail.com"]
[Date "2018.01.03"]
[Round "1"]
[White "Seger"]
[Black "Gvladutz"]
[WhiteElo "2710"]
[BlackElo "2480"]
[Result "1-0"]
[Round "1"]
1.d4 Ng8f6
2.c4 e6
3.Ng1f3 b6
4.g3 Bc8a6
5.Nb1d2 Ba6b7
6.Bf1g2 Bf8e7
7.b3 O-O
8.O-O c5
9.Rf1e1 cxd4
10.Bc1b2 Be7c5
11.Nf3xd4 Bb7xg2
12.Kxg2 d5
13.e4 Bc5xd4
14.Bb2xd4 Nf6xe4
15.Nd2xe4 dxe4
16.Re1xe4 Nb8c6
17.Bd4c3 Qd8e8
18.Qd1e2 Qe8e7
19.Ra1e1 Ra8e8
20.Qe2b2 f6
21.Re4xe6 Qe7xe6
22.Re1xe6 Re8xe6
23.b4 Rf8d8
24.b5 Nc6e5
25.c5 Ne5d3
26.Qb2a3 Nd3xc5
27.Qa3xa7 Rd8d7
28.Qa7b8 Kf7
29.Bc3b4 Rd7d5
30.Qb8a8 Rd5f5
31.Qa8c8 Rf5d5
32.a4 Nc5d7
33.Qc8c4 Rd5d1
34.f4 f5
35.g4 g6
36.g5 h6
37.gxh6 Nd7f6
38.Bb4c3 Nf6d5
39.Bc3d4 Nd5xf4
40.Kf3 Nf4h3
41.Bd4xb6 Nh3g5
42.Kg2 Rd1e1
43.a5 Re1e4
44.Qc4c3 Re4g4
45.Kh1 Re6e4
46.a6 Re4c4
47.Qc3g7 Ke6
48.Qg7xg6 Ke7
49.Bb6e3 f4
50.Qg6g7 Kd6
51.Qg7f8 Ke5
52.Qf8e7 Kf5
53.Qe7d7 Ke4
54.Qd7xg4 Kxe3
55.Qg4g1 Ke2
56.a7 Rc4a4
57.Qg1g2 { resign }
1-0

[Event "Tourn. n9662"]
[Site "www.chess-mail.com"]
[Date "2018.01.03"]
[Round "1"]
[White "Orhany24"]
[Black "Fantomas"]
[WhiteElo "2100"]
[BlackElo "2220"]
[Result "1/2-1/2"]
[Round "1"]
1.e4 e5
2.Ng1f3 Nb8c6
3.Bf1c4 Bf8e7
4.O-O Ng8f6
5.c3 Nf6xe4
6.d3 Ne4f6
7.Rf1e1 d6
8.h3 a6
9.d4 exd4
10.cxd4 d5
11.Bc4d3 O-O
12.Nb1c3 h6
13.Bc1f4 Bc8e6
14.Qd1d2 Qd8d7
15.Kh2 Be7d6
16.Nf3e5 Bd6xe5
17.dxe5 Nf6e4
18.Nc3xe4 dxe4
19.Bd3xe4 Qd7xd2
20.Bf4xd2 Be6d7
21.Bd2c3 Nc6d8
22.Ra1d1 Bd7c6
23.Be4c2 Nd8e6
24.g3 Ra8d8
{ draw }
1/2-1/2

[Event "Tourn. n9664"]
[Site "www.chess-mail.com"]
[Date "2018.01.03"]
[Round "1"]
[White "Francesco"]
[Black "Bigrezi"]
[WhiteElo "2130"]
[BlackElo "2240"]
[Result "0-1"]
[Round "1"]
1.e4 e5
2.Nb1c3 Ng8f6
3.f4 d5
4.fxe5 Nf6xe4
5.Ng1f3 Bf8c5
6.d4 Bc5b4
7.Qd1d3 O-O
8.Bc1d2 Ne4xd2
9.Nf3xd2 c5
10.a3 Bb4xc3
11.bxc3 c4
12.Qd3f3 f6
13.exf6 Rf8xf6
14.Qf3g3 Rf6g6
15.Qg3f2 Qd8e7
16.Qf2e2 Rg6e6
{ resign }
0-1

[Event "Tourn. n9651"]
[Site "www.chess-mail.com"]
[Date "2018.01.03"]
[Round "1"]
[White "Pachi"]
[Black "Begory"]
[WhiteElo "1640"]
[BlackElo "1580"]
[Result "0-1"]
[Round "1"]
1.e4 e5
2.Ng1f3 Nb8c6
3.Bf1b5 f6
4.Bb5xc6 dxc6
5.O-O Bc8g4
6.b3 Bf8c5
7.Bc1b2 Bg4xf3
8.Qd1xf3 Qd8d6
9.d3 O-O-O
10.Rf1d1 Bc5d4
11.c3 Bd4b6
12.d4 exd4
13.cxd4 c5
14.d5 Ng8e7
15.Nb1c3 Rd8f8
16.Nc3b5 Qd6d7
17.d6 cxd6
18.Nb5xd6 Kb8
19.Qf3g3 Qd7e6
20.Nd6f7 Bb6c7
21.e5 Qe6xf7
22.Qg3e3 Bc7xe5
23.Bb2xe5 fxe5
24.Qe3xe5 Ka8
25.Rd1d7 Qf7xf2
26.Kh1 Qf2f1
27.Ra1xf1 Rf8xf1
{ resign }
0-1